LEADER 01053nam0-2200337---4500 001 990009945540403321 005 20170201155359.0 010 $a0262081504$bHardback 010 $a026258087X$bPaperback 035 $a000994554 035 $aFED01000994554 035 $a(Aleph)000994554FED01 035 $a000994554 100 $a20150311d1985----km-y0itay50------ba 101 0 $aeng 102 $aUS 105 $a--------001yy 200 1 $aMarket structure and foreign trade$eincreasing returns, imperfect competition and the international economy$fElhanan Helpman and Paul R. Krugman 210 $aCambridge; Massachusetts$aLondon$cMit press$dc1985 215 $aXII, 271 p.$d24 cm 700 1$aHelpman,$bElhanan$0128673 701 1$aKrugman,$bPaul R.$f<1953- >$0118463 801 0$aIT$bUNINA$gRICA$2UNIMARC 901 $aBK 912 $a990009945540403321 952 $aISVE F1-F4.216$fDECTS 952 $aO/31 HEL$b2880$fSES 959 $aDECTS 959 $aSES 996 $aMarket structure and foreign trade$9820716 997 $aUNINA LEADER 02173nas 2200421 n 450 001 990008916480403321 005 20240229084308.0 011 $a0365-9720 035 $a000891648 035 $aFED01000891648 035 $a(Aleph)000891648FED01 035 $a000891648 091 $2CNR$aP 00072064 100 $a20090724b19071970km-y0itaa50------ba 101 0 $ager 102 $aDE 110 $aauu-------- 200 1 $aBericht der Oberhessischen Gesellschaft für Natur- und Heilkunde zu Giessen. Naturwissenschaftliche abteilung 207 1$a1907-1970 210 $aGiessen$cWilhelm Schmitz Verlag 440 0$12001$aOberhessische naturwissenschaftliche Zeitschrift. Bericht der Oberhessischen Gesellschaft für Natur- und Heilkunde zu Giessen. Naturwissenschaftliche Abteilung 443 0$1001000891647$12001$aBericht der Oberhessischen Gesellschaft für Natur- und Heilkunde zu Giessen 530 0 $aBericht der Oberhessischen Gesellschaft für Natur- und Heilkunde zu Giessen. Naturwissenschaftliche abteilung 675 $a5 675 $a61 675 $a55/59 675 $a630 712 02$aOberhessische Gesellschaft für Natur- und Heilkunde 801 0$aIT$bACNP$c20090723 859 4 $uhttp://acnp.cib.unibo.it/cgi-ser/start/it/cnr/dc-p1.tcl?catno=46411&person=false&language=ITALIANO&libr=&libr_th=unina1$zBiblioteche che possiedono il periodico 901 $aSE 912 $a990008916480403321 958 $aBiblioteca del Dipartimento di Entomologia e Zoologia Agraria dell'Università degli Studi di Napoli Federico II$b1907-1938;1947;$fDAGEN 959 $aDAGEN 996 $aBericht der Oberhessischen Gesellschaft für Natur- und Heilkunde zu Giessen Naturwissenschaftliche Abteilung$91452501 997 $aUNINA AP1 8 $6866-01$aNA219 Biblioteca del Dipartimento di Entomologia e Zoologia Agraria dell'Università degli Studi di Napoli Federico II$eVia Università, 100, 80055 Portici (NA)$m0812539188$m0817755145$nit AP2 40$aacnp.cib.unibo.it$nACNP Italian Union Catalogue of Serials$uhttp://acnp.cib.unibo.it/cgi-ser/start/it/cnr/df-p.tcl?catno=46411&language=ITALIANO&libr=&person=&B=1&libr_th=unina&proposto=NO